|
|
|
|
| LEADER |
00000nam0a2200000 4500 |
| 001 |
46374 |
| 005 |
20231031024553.0 |
| 035 |
|
|
|a (RuTPU)RU\TPU\book\48370
|
| 090 |
|
|
|a 46374
|
| 100 |
|
|
|a 20030113d2002 k y0rusy50 ca
|
| 101 |
0 |
|
|a rus
|
| 102 |
|
|
|a RU
|
| 105 |
|
|
|a a z 001zy
|
| 200 |
1 |
|
|a Эпифитовзвесь - новый индикатор загрязнения речных систем тяжелыми металлами
|f Е. П. Янин
|g Российская академия наук; Институт минералогии, геохимии и кристаллохимии редких элементов
|
| 210 |
|
|
|a Москва
|c ИМГРЭ
|d 2002
|
| 215 |
|
|
|a 51 с.
|c ил.
|
| 320 |
|
|
|a Библиогр.: с. 46-50.
|
| 610 |
1 |
|
|a гидрогеология
|
| 610 |
1 |
|
|a реки
|
| 610 |
1 |
|
|a речные системы
|
| 610 |
1 |
|
|a загрязнение
|
| 610 |
1 |
|
|a тяжелые металлы
|
| 610 |
1 |
|
|a эпифитовзвесь
|
| 610 |
1 |
|
|a техногенные изменения
|
| 610 |
1 |
|
|a геохимические аномалии
|
| 610 |
1 |
|
|a ртуть
|
| 675 |
|
|
|a 556.535.8
|v 3
|
| 700 |
|
1 |
|a Янин
|b Е. П.
|g Евгений Петрович
|
| 712 |
0 |
2 |
|a Российская академия наук (РАН)
|b Институт минералогии, геохимии и кристаллохимии редких элементов (ИМГРЭ)
|c (Москва)
|2 stltpush
|3 (RuTPU)RU\TPU\col\280
|
| 801 |
|
1 |
|a RU
|b 63413507
|c 20030113
|g PSBO
|
| 801 |
|
2 |
|a RU
|b 63413507
|c 20071122
|g PSBO
|
| 942 |
|
|
|c BK
|